000 00656nam a2200277Ia 4500
005 20260324115456.0
008 008 260324s9999 xx 000 0 eng d
020 _a9781315363868
037 _aEBOOK
040 _aCRL
040 _beng
040 _cCRL
041 _2eng
041 _aeng
084 _qCRL
100 _aTravis Faas
_91154811
245 3 _aAn Introduction to HTML5 Game Development with Phaser.js
260 _bTaylor and Francis
260 _c2017
365 _a
365 _b325
856 _uhttp://www.taylorfrancis.com/books/9781315363868
942 _cEBOOK
999 _c1745720
_d1745720